La situación del personal docente: un instrumento para mejorarla, la recomendación internacional de 1966. Comentarios comunes de la OIT y la UNESCO, 1984
Αποθηκεύτηκε σε:
| Συλλογικό Έργο: | , |
|---|---|
| Μορφή: | Βιβλίο |
| Γλώσσα: | Ισπανικά |
| Έκδοση: |
Ginebra
OIT
1984
|
| Θέματα: | |
| Ετικέτες: |
Προσθήκη ετικέτας
Δεν υπάρχουν, Καταχωρήστε ετικέτα πρώτοι!
|
MARC
| LEADER | 00000nam a2200000 a 4500 | ||
|---|---|---|---|
| 001 | UCZ8101 | ||
| 003 | CL-VaPUC | ||
| 008 | 960112e19840000SZ |||||||||||||||||spa|d | ||
| 082 | 0 | 4 | |a 370.71 |b ORG |2 21 |
| 110 | 2 | |a Organización Internacional del Trabajo |e author |9 353248 | |
| 710 | 2 | |a UNESCO |e author |9 353249 | |
| 245 | 1 | 3 | |a La situación del personal docente: un instrumento para mejorarla, la recomendación internacional de 1966. Comentarios comunes de la OIT y la UNESCO, 1984 |
| 300 | |a 56 p | ||
| 942 | |c BK | ||
| 945 | |d 19960112 00:00:00 |a lriquelm | ||
| 260 | |a Ginebra |b OIT |c 1984 | ||
| 650 | 7 | |a DOCENCIA |2 CL-VaPUC |9 353250 | |
| 650 | 0 | |a Investigación educacional |9 261192 | |
| 650 | 0 | |a Formación profesional de profesores |9 307493 | |
| 650 | 0 | |a Capacitación docente |9 312871 | |
| 650 | 7 | |a CONDICION SOCIAL DE LOS DOCENTES |2 CL-VaPUC |9 339288 | |
| 650 | 7 | |a REMUNERACION DEL DOCENTE |2 CL-VaPUC |9 353251 | |
| 650 | 0 | |a Salarios |9 255321 | |
| 583 | |a last modification |c 19960112 00:00:00 |k Rodrigo Vera | ||
| 999 | |c 244061 |d 244059 | ||
| 952 | |0 0 |1 0 |4 0 |6 370_710000000000000_ORG_1984 |7 0 |8 P |9 257981 |a BIBEDU |b BIBEDU |c BIBEDU_PB |d 2019-11-19 |i 161794K |o 370.71 ORG 1984 |p 161794K |r 2024-01-25 |w 2019-11-19 |y BK |k EDU | ||
| 952 | |0 0 |1 0 |4 0 |6 370_710000000000000_ORG_1984 |7 0 |8 P |9 257982 |a BIBEDU |b BIBEDU |c BIBEDU_PB |d 2019-11-19 |i 1616447 |o 370.71 ORG 1984 |p 1616447 |r 2024-01-25 |w 2019-11-19 |y BK |k EDU | ||
| 952 | |0 0 |1 0 |4 0 |6 370_710000000000000_ORG_1984 |7 0 |8 P |9 257983 |a BIBEDU |b BIBEDU |c BIBEDU_PB |d 2019-11-19 |i 3644413 |o 370.71 ORG 1984 |p 3644413 |r 2024-01-25 |w 2019-11-19 |y BK |k BME | ||